| 000 | 00604cam a2200205 4500 | ||
|---|---|---|---|
| 008 | 000000n1999 000 0 eng u | ||
| 020 | _a1856043118 | ||
| 035 | _a(Sirsi) u100074 | ||
| 041 | _aENG | ||
| 050 | _a026.33172 | ||
| 100 | _aCorrall, Sheila | ||
| 245 | 4 | _aThe new professional's handbook: your guide to information services management. | |
| 260 |
_aLondon _bLibrary Association Publishing _c1999 |
||
| 300 | _a322p. ; 24cm. | ||
| 350 | _a29.95 | ||
| 650 | _aMANAGEMENT-BUSINESS MANAGEMENT-INFORMATION MANAGEMENT | ||
| 690 | _aMANAGEMENT | ||
| 700 | _aBrewerton, Anthony | ||
| 942 | _n0 | ||
| 999 |
_c99578 _d99578 |
||